Online
Catalog

Lo que yo ví: (Record no. 56212)

MARC details
000 -CABECERA
campo de control de longitud fija 01351nam a22002777a 4500
003 - IDENTIFICADOR DEL NÚMERO DE CONTROL
campo de control DO-SdBNP
005 - FECHA Y HORA DE LA ÚLTIMA TRANSACCIÓN
campo de control 20250204132423.0
007 - CAMPO FIJO DE DESCRIPCIÓN FÍSICA--INFORMACIÓN GENERAL
campo de control de longitud fija ta
008 - DATOS DE LONGITUD FIJA--INFORMACIÓN GENERAL
campo de control de longitud fija 240402e2016 dr ahc|| |||| 00| e spa d
020 ## - NÚMERO INTERNACIONAL ESTÁNDAR DEL LIBRO
Número Internacional Estándar del Libro 9789945086041
040 ## - FUENTE DE LA CATALOGACIÓN
Centro catalogador/agencia de origen DO-SdBNP
Lengua de catalogación spa
Centro/agencia transcriptor BNPHU
Normas de descripción rda
082 #4 - NÚMERO DE LA CLASIFICACIÓN DECIMAL DEWEY
Número de clasificación xxx
Número de documento/Ítem A174q
Número de edición 22
245 13 - MENCIÓN DE TÍTULO
Título Lo que yo ví:
Resto del título páginas de historia contemporánea 1895-1958 /
Mención de responsabilidad, etc. Agustín A. Acevedo Fabián ; editor, Manuel Ulises Bonnelly Vega.
264 #1 - PRODUCCIÓN, PUBLICACIÓN, DISTRIBUCIÓN, FABRICACIÓN Y COPYRIGHT
Producción, publicación, distribución, fabricación y copyright Santo Domingo :
Nombre del de productor, editor, distribuidor, fabricante Editora El Nuevo Diario,
Fecha de producción, publicación, distribución, fabricación o copyright 2016.
300 ## - DESCRIPCIÓN FÍSICA
Extensión 508 páginas :
Otras características físicas Ilustraciones, facsímil, retratos ;
Dimensiones 23 cm
336 ## - TIPO DE CONTENIDO
Término de tipo de contenido texto
Código de tipo de contenido txt
Fuente rdacontent
337 ## - TIPO DE MEDIO
Nombre/término del tipo de medio sin mediación
Código del tipo de medio n
Fuente rdamedia
338 ## - TIPO DE SOPORTE
Nombre/término del tipo de soporte volumen
Código del tipo de soporte nc
Fuente rdacarrier
500 ## - NOTA GENERAL
Nota general Incluye bibliografía y notas al pie de páginas.
500 ## - NOTA GENERAL
Nota general Incluye índice onomástico.
505 ## - NOTA DE CONTENIDO CON FORMATO
Nota de contenido con formato Memorias de un santiaguero--
Título Introducción--
-- Licenciado Agustín Alejo Acevedo Fabián--
-- 1895-1899--
-- 1900-1901--
-- 1902- finales de 1911--
-- Finales de 1911-1916--
-- 1916-1930--
-- 1930-1958--
-- Anexos--
-- Galería--
-- Personajes mencionados en esta obras--
-- Familia de Agustín Acevedo Fabián--
-- Lugares mencionados en eta obra--
-- Índice Onomástico.
590 ## - NOTA LOCAL (RLIN)
Nota local Inventariado 2024 / MF
600 14 - PUNTO DE ACCESO ADICIONAL DE MATERIA--NOMBRE DE PERSONA
Nombre de persona Acevedo Fabián, Agustín A.
9 (RLIN) 85100
700 ## - PUNTO DE ACCESO ADICIONAL--NOMBRE DE PERSONA
Nombre de persona Bonnelly Vega, Manuel Ulises,
Término indicativo de función/relación editor
Código de función/relación ed.
9 (RLIN) 84887
942 ## - ELEMENTOS DE PUNTO DE ACCESO ADICIONAL (KOHA)
Fuente del sistema de clasificación o colocación Dewey Decimal Classification
Tipo de ítem Koha Libro
Holdings
Estado de retiro Estado de pérdida Fuente del sistema de clasificación o colocación Restricciones de uso No para préstamo Código de colección Localización permanente Ubicación/localización actual Ubicación en estantería Fecha de adquisición Fuente de adquisición Total de préstamos Signatura topográfica completa Código de barras Fecha visto por última vez Precio válido a partir de Tipo de ítem Koha Nota pública
    Dewey Decimal Classification Excluido de préstamo   Patrimonio Dominicano Biblioteca Nacional Pedro Henríquez Ureña Biblioteca Nacional Pedro Henríquez Ureña En catalogación 02.04.2023 Donado por la Presidencia de la República Dominicana 2023.   BNPHU PD A174q 2024-1730 02.04.2024 02.04.2024 Libro Perteneció a la biblioteca personal de Emilio Cordero Michel.

Powered by Koha